[Event "Titled Tuesday intern op 24th Sep Early"]
[Site "Chess.com INT"]
[Date "2024.09.24"]
[Round "3"]
[White "Thomas, Anysia"]
[Black "Fernandez Siles, Luis"]
[Result "0-1"]
[WhiteElo "2144"]
[BlackElo "2189"]
[PlyCount "56"]
[EventDate "2024.09.24"]
[EventType "swiss (blitz)"]
[EventRounds "11"]
[EventCountry "USA"]
[SourceTitle "EXT 2025"]
[Source "ChessBase"]
[SourceDate "2024.10.14"]
[SourceVersion "1"]
[SourceVersionDate "2024.10.14"]
[SourceQuality "1"]

1. d4 Nf6 2. c4 g6 3. Nc3 Bg7 4. e4 d6 5. h3 0-0 6. Nf3 c5 7. d5 e5 8. Be3 Nbd7 9. Be2 Qe7 10. g4 Kh8 11. Nd2 Ng8 12. h4 f5 13. exf5 gxf5 14. gxf5 Ndf6 15. h5 Nh6 16. Nde4 Nxe4 17. Nxe4 Nxf5 18. Bg5 Bf6 19. Bxf6+ Rxf6 20. Nxf6 Qxf6 21. Qd2 Nd4 22. 0-0-0 Bf5 23. Bd3 e4 24. Bb1 a6 25. Qe3 b5 26. Rhg1 bxc4 27. Rg3 Rb8 28. Rdg1 Nf3 0-1

[Event "Titled Tuesday intern op 17th Sep Early"]
[Site "Chess,com INT"]
[Date "2024.09.17"]
[Round "3"]
[White "Thomas, Anysia"]
[Black "Jovic, Stanoje"]
[Result "0-1"]
[WhiteElo "2144"]
[BlackElo "2069"]
[PlyCount "114"]
[EventDate "2024.09.17"]
[EventType "swiss (blitz)"]
[EventRounds "11"]
[EventCountry "USA"]
[SourceTitle "EXT 2025"]
[Source "ChessBase"]
[SourceDate "2024.10.14"]
[SourceVersion "1"]
[SourceVersionDate "2024.10.14"]
[SourceQuality "1"]

1. d4 Nf6 2. c4 e6 3. Nf3 Bb4+ 4. Nbd2 0-0 5. a3 Bxd2+ 6. Qxd2 d5 7. e3 b6 8. b4 c6 9. Bb2 dxc4 10. Bxc4 Ba6 11. Bxa6 Nxa6 12. 0-0 c5 13. Qe2 Nc7 14. dxc5 bxc5 15. bxc5 Ne4 16. Qc4 Qd5 17. Qc2 Nxc5 18. Rfd1 Qh5 19. Rac1 N7a6 20. Qc3 f6 21. Qa5 Rac8 22. Nd4 Qe8 23. Rc2 e5 24. Nf5 Qe6 25. Nd6 Rc6 26. Rcd2 Rb8 27. h3 Rcb6 28. Qc3 Rb3 29. Qc4 Qxc4 30. Nxc4 h5 31. e4 Nxe4 32. Rd8+ Kh7 33. Rxb8 Rxb8 34. f3 Nec5 35. Bc3 Na4 36. Be1 Rc8 37. Ne3 Nb2 38. Rd7 Rc7 39. Rxc7 Nxc7 40. Nf5 Nb5 41. Bf2 Nxa3 42. Bxa7 Nac4 43. Bf2 Nd3 44. Ne3 Nxf2 45. Kxf2 Nxe3 46. Kxe3 Kg6 47. Ke4 Kf7 48. g3 Ke6 49. h4 f5+ 50. Ke3 Kd5 51. Kd3 e4+ 52. fxe4+ fxe4+ 53. Ke3 Ke5 54. Ke2 Kd4 55. Kf2 Kd3 56. Ke1 Ke3 57. Kf1 Kd2 0-1

[Event "Titled Tuesday intern op 10th Sep Early"]
[Site "Chess,com INT"]
[Date "2024.09.10"]
[Round "4"]
[White "Jacobson, Aaron"]
[Black "Thomas, Anysia"]
[Result "1-0"]
[WhiteElo "2390"]
[BlackElo "2144"]
[PlyCount "77"]
[EventDate "2024.09.10"]
[EventType "swiss (blitz)"]
[EventRounds "11"]
[EventCountry "USA"]
[SourceTitle "EXT 2025"]
[Source "ChessBase"]
[SourceDate "2024.10.14"]
[SourceVersion "1"]
[SourceVersionDate "2024.10.14"]
[SourceQuality "1"]

1. e4 c5 2. Nf3 g6 3. d4 cxd4 4. Nxd4 Nc6 5. c4 Nf6 6. Nc3 d6 7. Be2 Nxd4 8. Qxd4 Bg7 9. Bg5 0-0 10. Qd2 Qa5 11. f3 Be6 12. Rc1 Rfc8 13. b3 a6 14. Nd5 Qxd2+ 15. Kxd2 Nxd5 16. exd5 Bd7 17. Bxe7 Bh6+ 18. Kd3 Bf5+ 19. Kd4 Bg7+ 20. Ke3 Re8 21. g4 Rxe7+ 22. Kf2 Bd7 23. Rhd1 Rae8 24. Bf1 Bh6 25. Rc2 Be3+ 26. Kg3 f5 27. b4 fxg4 28. fxg4 Re4 29. h3 h5 30. Bg2 Bf4+ 31. Kf3 hxg4+ 32. hxg4 g5 33. Kf2 Re3 34. Bf3 R8e7 35. c5 Be8 36. c6 bxc6 37. dxc6 Bg6 38. c7 Rxc7 39. Rxc7 1-0

[Event "Titled Tuesday intern op 10th Sep Early"]
[Site "Chess,com INT"]
[Date "2024.09.10"]
[Round "8"]
[White "Thomas, Anysia"]
[Black "Alonso, Raphael VP Patricio"]
[Result "1-0"]
[WhiteElo "2144"]
[BlackElo "2170"]
[PlyCount "129"]
[EventDate "2024.09.10"]
[EventType "swiss (blitz)"]
[EventRounds "11"]
[EventCountry "USA"]
[SourceTitle "EXT 2025"]
[Source "ChessBase"]
[SourceDate "2024.10.14"]
[SourceVersion "1"]
[SourceVersionDate "2024.10.14"]
[SourceQuality "1"]

1. d4 Nf6 2. c4 e6 3. Nf3 d5 4. g3 Bb4+ 5. Bd2 Bxd2+ 6. Nbxd2 0-0 7. Bg2 c6 8. 0-0 Nbd7 9. Re1 Re8 10. e4 Nxe4 11. Nxe4 dxe4 12. Rxe4 Nf6 13. Rh4 Rb8 14. Qc2 h6 15. Rd1 b5 16. Ne5 Qc7 17. Nxc6 Rb6 18. Ne5 bxc4 19. Nxc4 Ba6 20. b3 Rc8 21. d5 exd5 22. Bxd5 Nxd5 23. Rxd5 Qc6 24. Rhd4 Bb7 25. Rd8+ Qe8 26. Rxe8+ Rxe8 27. Ne3 Rc6 28. Rc4 Rd6 29. h4 Bf3 30. Rc8 Rdd8 31. Rxd8 Rxd8 32. Kh2 g6 33. g4 Ba8 34. Kg3 Re8 35. Qc7 a5 36. Qd7 Rf8 37. Qc7 f5 38. gxf5 gxf5 39. Kf4 Be4 40. Qxa5 Rf7 41. Qe5 Kf8 42. Qh8+ Ke7 43. Qxh6 Rf8 44. Qg7+ Rf7 45. Qe5+ Kd7 46. h5 Kd8 47. h6 Kd7 48. Qd4+ Ke6 49. Qb6+ Kd7 50. Qa7+ Ke6 51. Qa6+ Kd7 52. Qg6 Rf8 53. h7 Re8 54. Qg7+ Re7 55. Qxe7+ Kxe7 56. h8Q Kd6 57. Qe5+ Kc6 58. Nxf5 Bb1 59. Qd6+ Kb7 60. Nd4 Bh7 61. Qc6+ Kb8 62. Qd7 Be4 63. Nb5 Bc6 64. Qc7+ Ka8 65. Qa7# 1-0

[Event "Titled Tuesday intern op 10th Sep Early"]
[Site "Chess,com INT"]
[Date "2024.09.10"]
[Round "11"]
[White "Thomas, Anysia"]
[Black "Atoyan, Alberto"]
[Result "0-1"]
[WhiteElo "2144"]
[BlackElo "2120"]
[PlyCount "100"]
[EventDate "2024.09.10"]
[EventType "swiss (blitz)"]
[EventRounds "11"]
[EventCountry "USA"]
[SourceTitle "EXT 2025"]
[Source "ChessBase"]
[SourceDate "2024.10.14"]
[SourceVersion "1"]
[SourceVersionDate "2024.10.14"]
[SourceQuality "1"]

1. d4 g6 2. c4 Bg7 3. Nf3 d6 4. Nc3 Nc6 5. h3 e5 6. e4 Nxd4 7. Nxd4 exd4 8. Nb5 c5 9. Bf4 Be5 10. Qd2 a6 11. Na3 Ne7 12. Bd3 0-0 13. h4 f5 14. Bh6 Bg7 15. h5 fxe4 16. Bxe4 Bf5 17. Bxb7 Rb8 18. Bf3 Bxh6 19. Qxh6 Rxb2 20. hxg6 Bxg6 21. 0-0 Rxf3 22. gxf3 Nf5 23. Qf4 Qa5 24. Nb1 d3 25. Rd1 Nd4 26. Qxd6 Nc2 27. Qe6+ Bf7 28. Qg4+ Kf8 29. Qc8+ Ke7 30. Rxd3 Nxa1 31. Re3+ Kf6 32. Qc6+ Kg7 33. Nc3 Qb6 34. Qe4 Qg6+ 35. Qxg6+ hxg6 36. Ne4 Rxa2 37. Nxc5 Ra5 38. Nd7 Bxc4 39. Re7+ Kh6 40. Nf8 Kg5 41. Kg2 Rf5 42. Kg3 Rxf8 43. f4+ Rxf4 44. Re5+ Rf5 45. f4+ Kf6 46. Re8 a5 47. Rf8+ Kg7 48. Ra8 Nb3 49. Ra7+ Kh6 50. Rc7 a4 0-1

[Event "Titled Tuesday intern op 10th Sep Early"]
[Site "Chess,com INT"]
[Date "2024.09.10"]
[Round "3"]
[White "Thomas, Anysia"]
[Black "Sernecki, Franciszek"]
[Result "1-0"]
[WhiteElo "2144"]
[BlackElo "2336"]
[PlyCount "89"]
[EventDate "2024.09.10"]
[EventType "swiss (blitz)"]
[EventRounds "11"]
[EventCountry "USA"]
[SourceTitle "EXT 2025"]
[Source "ChessBase"]
[SourceDate "2024.10.14"]
[SourceVersion "1"]
[SourceVersionDate "2024.10.14"]
[SourceQuality "1"]

1. d4 Nf6 2. c4 e6 3. Nf3 d5 4. g3 Bb4+ 5. Bd2 a5 6. Bg2 0-0 7. Qc1 Be7 8. 0-0 c6 9. Bg5 h6 10. Bxf6 Bxf6 11. Nbd2 Na6 12. e4 dxe4 13. Nxe4 Be7 14. Qe3 Nb4 15. Qe2 Qc7 16. a3 Na6 17. Rac1 Rd8 18. Rfd1 f5 19. Nc3 Bf6 20. Ne5 Bd7 21. Ng6 Kh7 22. Nf4 Re8 23. Qc2 g6 24. d5 e5 25. Nfe2 Rad8 26. h4 Kg7 27. h5 g5 28. Bh3 Bc8 29. Bxf5 Qf7 30. Bxc8 Rxc8 31. Ne4 Qxh5 32. Nxf6 Kxf6 33. dxc6 Rxc6 34. Nc3 Nc5 35. Ne4+ Nxe4 36. Qxe4 Qf7 37. b3 Qe6 38. Rd3 Kg7 39. Rcd1 Re7 40. Rd8 Qf7 41. Rb8 a4 42. Rdd8 axb3 43. Rh8 Qg6 44. Qf3 e4 45. Rbg8# 1-0

[Event "Titled Tuesday intern op 03rd Sep Early"]
[Site "Chess.com INT"]
[Date "2024.09.03"]
[Round "5"]
[White "Thomas, Anysia"]
[Black "Alcazar Jimenez, Jesus Alberto"]
[Result "1-0"]
[WhiteElo "2144"]
[BlackElo "2144"]
[PlyCount "63"]
[EventDate "2024.09.03"]
[EventType "swiss (blitz)"]
[EventRounds "11"]
[EventCountry "USA"]
[SourceTitle "EXT 2025"]
[Source "ChessBase"]
[SourceDate "2024.10.14"]
[SourceVersion "1"]
[SourceVersionDate "2024.10.14"]
[SourceQuality "1"]

1. d4 Nf6 2. c4 e6 3. Nf3 d5 4. g3 c5 5. cxd5 exd5 6. Bg2 h6 7. 0-0 Nc6 8. Nc3 Be7 9. dxc5 Bxc5 10. b3 Be6 11. Bb2 0-0 12. Rc1 Qe7 13. Na4 Bd6 14. Nd4 Rac8 15. Nb5 Ne8 16. Nxd6 Qxd6 17. Nc5 b6 18. Nxe6 fxe6 19. e4 Nc7 20. exd5 Nxd5 21. Qg4 Rf7 22. Rfd1 Rcf8 23. f4 Nd8 24. Be4 Qe7 25. Qg6 Nf6 26. Bb1 Nb7 27. Be5 Nc5 28. b4 Nce4 29. Bxe4 Nxe4 30. Qxe4 Rf5 31. a3 Qe8 32. Rc7 1-0